<?xml version="1.0" encoding="UTF-8"?>
<record
    xmlns:xsi="http://www.w3.org/2001/XMLSchema-instance"
    xsi:schemaLocation="http://www.loc.gov/MARC21/slim http://www.loc.gov/standards/marcxml/schema/MARC21slim.xsd"
    xmlns="http://www.loc.gov/MARC21/slim">

  <leader>02466nam a2200385 a 4500</leader>
  <controlfield tag="001">000032095</controlfield>
  <controlfield tag="003">DO-SdBNP</controlfield>
  <controlfield tag="005">20160414125543.0</controlfield>
  <controlfield tag="007">000032095</controlfield>
  <controlfield tag="008">110712s2013    dr ac         000 0 spa d</controlfield>
  <datafield tag="020" ind1=" " ind2=" ">
    <subfield code="a">9789945495313 (v. 1)</subfield>
  </datafield>
  <datafield tag="020" ind1=" " ind2=" ">
    <subfield code="a">9789945495321 (v. 2)</subfield>
  </datafield>
  <datafield tag="020" ind1=" " ind2=" ">
    <subfield code="a">994549533X (v. 3)</subfield>
  </datafield>
  <datafield tag="020" ind1=" " ind2=" ">
    <subfield code="a">9945495348 (v. 4)</subfield>
  </datafield>
  <datafield tag="040" ind1=" " ind2=" ">
    <subfield code="a">BPMSU</subfield>
    <subfield code="b">spa</subfield>
    <subfield code="c">BPMSU</subfield>
  </datafield>
  <datafield tag="092" ind1=" " ind2=" ">
    <subfield code="a">xxxx</subfield>
    <subfield code="b">xxxx</subfield>
  </datafield>
  <datafield tag="100" ind1="1" ind2=" ">
    <subfield code="a">G&#xF3;mez, Fiume</subfield>
  </datafield>
  <datafield tag="245" ind1="1" ind2="0">
    <subfield code="a">Lengua espa&#xF1;ola :</subfield>
    <subfield code="b">educaci&#xF3;n b&#xE1;sica. /</subfield>
    <subfield code="c">Fiume G&#xF3;mez ; producci&#xF3;n editorial Mar&#xED;a del Jes&#xFA;s de la Rosa ; ilustraci&#xF3;n Ram&#xF3;n Sandoval.</subfield>
  </datafield>
  <datafield tag="260" ind1=" " ind2=" ">
    <subfield code="a">Santo Domingo :</subfield>
    <subfield code="b">Actualidad Escolar,</subfield>
    <subfield code="c">2013.</subfield>
  </datafield>
  <datafield tag="300" ind1=" " ind2=" ">
    <subfield code="a">8 v. :</subfield>
    <subfield code="b">il., retrs. ;</subfield>
    <subfield code="c">28 cm.</subfield>
  </datafield>
  <datafield tag="500" ind1=" " ind2=" ">
    <subfield code="a">Edici&#xF3;n revisada y actualizada al 2013</subfield>
  </datafield>
  <datafield tag="500" ind1=" " ind2=" ">
    <subfield code="a">La biblioteca solamente posee los volumenes del 1 al 4.</subfield>
  </datafield>
  <datafield tag="500" ind1=" " ind2=" ">
    <subfield code="a">Cada volumen incluye el libro del maestro.</subfield>
  </datafield>
  <datafield tag="505" ind1="0" ind2=" ">
    <subfield code="a">v. 1 :</subfield>
    <subfield code="g">unidad 1 --</subfield>
    <subfield code="t">A la escuela --</subfield>
    <subfield code="g">unidad 2 --</subfield>
    <subfield code="t">Mi familia --</subfield>
    <subfield code="g">unidad 3 --</subfield>
    <subfield code="t">Me relaciono --</subfield>
    <subfield code="g">unidad 4 --</subfield>
    <subfield code="t">Lleg&#xF3; la navidad --</subfield>
    <subfield code="g">unidad 5 --</subfield>
    <subfield code="t">Mi comunidad --</subfield>
    <subfield code="g">unidad 6 --</subfield>
    <subfield code="t">Todos trabajamos --</subfield>
    <subfield code="g">unidad 7 --</subfield>
    <subfield code="t">Me comunico --</subfield>
  </datafield>
  <datafield tag="505" ind1="0" ind2=" ">
    <subfield code="a">v. 2 :</subfield>
    <subfield code="g">unidad 1 --</subfield>
    <subfield code="t">De regreso a la escuela --</subfield>
    <subfield code="g">unidad 2 --</subfield>
    <subfield code="t">Medio ambiente --</subfield>
    <subfield code="g">unidad 3 --</subfield>
    <subfield code="t">El gato con botas --</subfield>
    <subfield code="g">unidad 4 --</subfield>
    <subfield code="t">La lagartija preocupada --</subfield>
    <subfield code="g">unidad 5 --</subfield>
    <subfield code="t">Descubro mi entorno --</subfield>
    <subfield code="g">unidad 6 --</subfield>
    <subfield code="t">Conoce tu pasado --</subfield>
    <subfield code="g">unidad 7 --</subfield>
    <subfield code="t">Expresa tus ideas --</subfield>
    <subfield code="g">unidad 8 --</subfield>
    <subfield code="t">La bobina maravillosa --</subfield>
  </datafield>
  <datafield tag="505" ind1="0" ind2=" ">
    <subfield code="a">v. 3 :</subfield>
    <subfield code="g">unidad 1 --</subfield>
    <subfield code="t">Conozco mi entorno --</subfield>
    <subfield code="g">unidad 2 --</subfield>
    <subfield code="t">Valoro mi tiempo --</subfield>
    <subfield code="g">unidad 3 --</subfield>
    <subfield code="t">El camello cojito --</subfield>
    <subfield code="g">unidad 4 --</subfield>
    <subfield code="t">Sobra, sombrita --</subfield>
    <subfield code="g">unidad 5 --</subfield>
    <subfield code="t">Yan y Yon --</subfield>
    <subfield code="g">unidad 6 --</subfield>
    <subfield code="t">El cuervo y el zorro --</subfield>
    <subfield code="g">unidad 7 --</subfield>
    <subfield code="t">La granja de la abuela --</subfield>
    <subfield code="g">unidad 8 --</subfield>
    <subfield code="t">El murci&#xE9;lago --</subfield>
    <subfield code="g">unidad 9 --</subfield>
    <subfield code="t">El flautista de Hamelin --</subfield>
  </datafield>
  <datafield tag="505" ind1="0" ind2=" ">
    <subfield code="a">v. 4 :</subfield>
    <subfield code="g">unidad 1 --</subfield>
    <subfield code="t">Mi primer d&#xED;a de clases --</subfield>
    <subfield code="g">unidad 2 --</subfield>
    <subfield code="t">A Quisqueya --</subfield>
    <subfield code="g">unidad 3 --</subfield>
    <subfield code="t">El &#xE1;guila y la asamblea de los animales --</subfield>
    <subfield code="g">unidad 4 --</subfield>
    <subfield code="t">Costumbres y leyendas de mi pa&#xED;s --</subfield>
    <subfield code="g">unidad 5 --</subfield>
    <subfield code="t">El ritmo de las ideas --</subfield>
    <subfield code="g">unidad 6 --</subfield>
    <subfield code="t">Relatos maravillosos --</subfield>
    <subfield code="g">unidad 7 --</subfield>
    <subfield code="t">Los encantos de Arroyo Fr&#xED;o --</subfield>
    <subfield code="g">unidad 8 --</subfield>
    <subfield code="t">&#xA1;Qu&#xE9; dulce es la miel! --</subfield>
  </datafield>
  <datafield tag="700" ind1="1" ind2=" ">
    <subfield code="a">Rosa, Mar&#xED;a del Jes&#xFA;s de la</subfield>
    <subfield code="e">ed.</subfield>
  </datafield>
  <datafield tag="700" ind1="1" ind2=" ">
    <subfield code="a">Sandoval, Ram&#xF3;n</subfield>
    <subfield code="e">il.</subfield>
  </datafield>
  <datafield tag="930" ind1=" " ind2="1">
    <subfield code="l">BND01</subfield>
    <subfield code="m">LF1</subfield>
    <subfield code="8">20110712</subfield>
    <subfield code="f">01</subfield>
    <subfield code="p">HD</subfield>
    <subfield code="g">27328</subfield>
  </datafield>
  <datafield tag="942" ind1=" " ind2=" ">
    <subfield code="2">ddc</subfield>
    <subfield code="c">BK</subfield>
  </datafield>
  <datafield tag="952" ind1=" " ind2=" ">
    <subfield code="0">0</subfield>
    <subfield code="1">0</subfield>
    <subfield code="2">ddc</subfield>
    <subfield code="4">0</subfield>
    <subfield code="7">0</subfield>
    <subfield code="a">BPMET</subfield>
    <subfield code="b">BPMET</subfield>
    <subfield code="d">2016-04-14</subfield>
    <subfield code="e">Donaci&#xF3;n</subfield>
    <subfield code="l">0</subfield>
    <subfield code="p">BPMSU16040445</subfield>
    <subfield code="r">2016-04-14</subfield>
    <subfield code="w">2016-04-14</subfield>
    <subfield code="y">BK</subfield>
  </datafield>
  <datafield tag="956" ind1=" " ind2=" ">
    <subfield code="a">DGARCIA</subfield>
    <subfield code="b">10</subfield>
    <subfield code="c">20150807</subfield>
    <subfield code="l">BND01</subfield>
    <subfield code="h">1001</subfield>
  </datafield>
  <datafield tag="956" ind1=" " ind2=" ">
    <subfield code="a">YLOCKWARD</subfield>
    <subfield code="b">10</subfield>
    <subfield code="c">20150807</subfield>
    <subfield code="l">BND01</subfield>
    <subfield code="h">1314</subfield>
  </datafield>
  <datafield tag="956" ind1=" " ind2=" ">
    <subfield code="a">VMATEO</subfield>
    <subfield code="b">10</subfield>
    <subfield code="c">20150813</subfield>
    <subfield code="l">BPMSU</subfield>
    <subfield code="h">00151</subfield>
  </datafield>
  <datafield tag="999" ind1=" " ind2=" ">
    <subfield code="c">9774</subfield>
    <subfield code="d">9774</subfield>
  </datafield>
</record>
